[Event "World Youth Girls U16 2014"]
[Site "Durban RSA"]
[Date "2014.09.23"]
[Round "5.21"]
[White "Gucagaite, Gabriele"]
[Black "Suchomelova, Simona"]
[Result "1/2-1/2"]
[WhiteElo "1639"]
[BlackElo "1895"]
[WhiteFideId "12808210"]
[BlackFideId "348864"]
[EventDate "2014.09.20"]

1. b4 Nf6 2. Bb2 g6 3. c4 Bg7 4. g3 c6 5. Bg2 d5 6. c5 O-O 7. Nf3 Bf5 8. O-O Qc8
9. Re1 a5 10. a3 axb4 11. axb4 Rxa1 12. Bxa1 Na6 13. Qb3 Re8 14. Nc3 e5 15. Na4
Nd7 16. d3 Nc7 17. Nc3 d4 18. Ne4 Be6 19. Qb2 Nb5 20. Nfd2 h6 21. Nc4 Bf8 22.
Nb6 Qd8 23. Nxd7 Bxd7 24. Qc2 Be6 25. Bb2 Bg7 26. Ra1 Bd5 27. Nd2 Bxg2 28. Kxg2
Kh7 29. Nc4 f5 30. Nb6 Qe7 31. Ra8 Rxa8 32. Nxa8 e4 33. Nb6 exd3 34. exd3 Qe1
35. Qb3 Qe2 36. Nc4 Nc3 37. Bxc3 dxc3 38. Ne3 Qxd3 39. Qc2 Qd7 40. Kf1 Bd4 41.
Ke2 Qe6 42. Qd3 Qa2+ 43. Nc2 Bg7 44. Kf1 Qe6 45. Ne3 h5 46. Nc2 Kg8 47. Qe3 Qd7
48. Ke2 Kf7 49. f3 Qd5 50. Qd3 Qe6+ 51. Qe3 Qd5 52. Qd3 Qe6+ 53. Qe3 Qd5 54. Qd3 1/2-1/2

[Event "World Youth Girls U16 2014"]
[Site "Durban RSA"]
[Date "2014.09.23"]
[Round "5.22"]
[White "Ranasinghe, Thinithi Sahanika"]
[Black "Parhomenko, Margarita"]
[Result "0-1"]
[WhiteElo "1596"]
[BlackElo "1894"]
[WhiteFideId "9914382"]
[BlackFideId "11603216"]
[EventDate "2014.09.20"]

1. c4 f5 2. Nc3 Nf6 3. g3 e5 4. Bg2 g6 5. e3 c6 6. d4 e4 7. d5 c5 8. Nge2 Bg7 9.
Nf4 O-O 10. Rb1 d6 11. O-O g5 12. Nfe2 Nbd7 13. b4 b6 14. Qa4 Ne5 15. bxc5 bxc5
16. f4 exf3 17. Bxf3 Nfd7 18. Nb5 Nb6 19. Qb3 Nbxc4 20. Bg2 Rb8 21. Qc2 a6 22.
Na7 Rxb1 23. Qxb1 Qc7 24. Nxc8 Qxc8 25. Bh3 Qe8 26. Bg2 Qh5 27. Qc2 Ng4 28. h3
Ngxe3 29. Qd3 Re8 30. Re1 f4 31. gxf4 Qh4 32. Bd2 gxf4 33. Rb1 Qg5 34. Nxf4 Qxf4
35. Rf1 Qd4 36. Qxd4 0-1

[Event "World Youth Girls U16 2014"]
[Site "Durban RSA"]
[Date "2014.09.23"]
[Round "5.23"]
[White "Shapar, Tatiana"]
[Black "Guo, Zhi Lin"]
[Result "0-1"]
[WhiteElo "1877"]
[BlackElo "1632"]
[WhiteFideId "24174840"]
[BlackFideId "3216381"]
[EventDate "2014.09.20"]

1. e4 c5 2. Nf3 Nf6 3. e5 Nd5 4. c3 e6 5. d4 cxd4 6. cxd4 d6 7. Bc4 dxe5 8. dxe5
Be7 9. O-O Nb6 10. Bb3 Qxd1 11. Rxd1 Bd7 12. Nc3 Na6 13. Bg5 Bc6 14. Bxe7 Kxe7
15. Nd4 Nb4 16. Rac1 Rhc8 17. Kf1 Bd5 18. Nxd5+ N4xd5 19. Rxc8 Rxc8 20. Nb5 a6
21. Nd6 Rc7 22. g3 f6 23. f4 Ne3+ 24. Ke2 Nxd1 25. Bxd1 fxe5 26. fxe5 Nd7 27.
Ne4 Nxe5 28. Bb3 Nc4 29. h4 h6 30. Kd3 b5 31. g4 Nxb2+ 32. Kd4 Nc4 33. Nc5 e5+ 0-1

[Event "World Youth Girls U16 2014"]
[Site "Durban RSA"]
[Date "2014.09.23"]
[Round "5.24"]
[White "Albekova, Dilyara"]
[Black "Bashaer, Khalil"]
[Result "1-0"]
[BlackTitle "WCM"]
[WhiteElo "1830"]
[BlackElo "1618"]
[WhiteFideId "13705628"]
[BlackFideId "9304843"]
[EventDate "2014.09.20"]

1. e4 c5 2. Nc3 Nc6 3. f4 g6 4. Nf3 Bg7 5. Bc4 e6 6. d3 Nge7 7. O-O O-O 8. Qe1
d5 9. Bb3 dxe4 10. dxe4 Nd4 11. Be3 a6 12. Rd1 Nxf3+ 13. Rxf3 Qc7 14. Qh4 b5 15.
Rh3 f6 16. f5 gxf5 17. Bf4 Qa7 18. Qxh7+ Kf7 19. Rg3 Rg8 20. Qh5+ Ng6 21. Qxg6+
Ke7 22. Bd6+ 1-0

[Event "World Youth Girls U16 2014"]
[Site "Durban RSA"]
[Date "2014.09.23"]
[Round "5.25"]
[White "Tao, Rachel Long-Xin"]
[Black "Auvray, Honorine"]
[Result "0-1"]
[WhiteElo "1592"]
[BlackElo "1799"]
[WhiteFideId "2616300"]
[BlackFideId "600512"]
[EventDate "2014.09.20"]

1. e4 c5 2. Nf3 e6 3. c4 a6 4. Nc3 Qc7 5. a3 Nc6 6. d4 cxd4 7. Nxd4 Nf6 8. Be2
Nxd4 9. Qxd4 Bc5 10. Qd3 O-O 11. O-O Rd8 12. Bg5 Be7 13. Rac1 Ng4 14. Bxg4 Bxg5
15. Rc2 b6 16. b4 Bb7 17. Ne2 Rac8 18. c5 d6 19. f4 Bf6 20. Kh1 bxc5 21. Rfc1
Qb6 22. Qe3 Bd4 23. Nxd4 cxd4 24. Qd3 Rxc2 25. Rxc2 Rc8 26. Rxc8+ Bxc8 27. Qc4
Bb7 28. Bf3 g6 29. h3 e5 30. fxe5 dxe5 31. Be2 a5 32. Bd3 axb4 33. axb4 Kf8 34.
b5 Ke7 35. Qb4+ Qd6 36. Qb1 Qc5 37. Kh2 Qc3 38. b6 Kd6 39. Qf1 Ke7 40. Qb1 f6
41. Qb5 h6 42. Qb1 Qd2 43. Kh1 f5 44. Qf1 fxe4 45. Ba6 e3 46. Bc4 Qf2 47. Qxf2
exf2 48. Kh2 e4 49. Kg3 e3 50. Kf4 Kd6 51. Bf1 Bxg2 52. b7 Bxb7 53. Kg3 Ke5 0-1

[Event "World Youth Girls U16 2014"]
[Site "Durban RSA"]
[Date "2014.09.23"]
[Round "5.26"]
[White "Peng, Xinbei"]
[Black "Eng, Rachael"]
[Result "0-1"]
[WhiteElo "1626"]
[BlackElo "1778"]
[WhiteFideId "8607680"]
[BlackFideId "2062224"]
[EventDate "2014.09.20"]

1. e4 e5 2. Nf3 Nc6 3. Nc3 Nf6 4. d4 Bb4 5. d5 Ne7 6. Nxe5 Nxe4 7. Qd4 Bxc3+ 8.
bxc3 Nf6 9. Bc4 d6 10. Nf3 Nf5 11. Bb5+ Bd7 12. Bxd7+ Qxd7 13. Qd3 O-O 14. O-O
Rfe8 15. Rb1 Ne4 16. Bf4 Nc5 17. Qd2 b6 18. Rfe1 Qa4 19. Nd4 Nxd4 20. cxd4 Nd7
21. Qc3 Nf6 22. Qxc7 Nxd5 23. Qxd6 Red8 24. Qe5 Nxf4 25. Qxf4 Rxd4 26. Qf3 Rad8
27. Red1 h6 28. Rxd4 Qxd4 29. g3 Qd5 30. Qxd5 Rxd5 31. Kf1 Ra5 32. Ra1 Kf8 33.
Ke2 Ra3 34. Kd2 Ke7 35. c3 Ke6 36. Kc2 Kf5 37. f3 h5 38. Kb2 Ra4 39. Rd1 g6 40.
Kb3 Ra5 41. c4 f6 42. Rd2 Ke5 43. Kc3 Ra3+ 44. Kb4 Rxf3 45. Re2+ Kd6 46. Rd2+
Kc6 47. Rb2 a5+ 48. Ka4 Rc3 49. Rf2 f5 50. Re2 Rxc4+ 51. Kb3 Rb4+ 52. Kc3 Kd5
53. Re8 g5 54. Rg8 Rg4 55. Rb8 Kc5 56. Rc8+ Kb5 57. Rf8 f4 58. Rf5+ Ka4 59. gxf4
Rxf4 60. Rxg5 Rf3+ 61. Kc4 Rh3 62. Rg2 b5+ 63. Kd4 b4 64. Rf2 Ka3 65. Kc4 a4 66.
Re2 b3 67. axb3 axb3 68. Re5 Rxh2 69. Rb5 Rh3 70. Rb6 Kb2 71. Re6 Rh2 72. Re3
Rh4+ 73. Kd3 Ka2 74. Kc3 b2 75. Re5 Rh3+ 76. Kd2 b1=Q 77. Ra5+ 0-1

[Event "World Youth Girls U16 2014"]
[Site "Durban RSA"]
[Date "2014.09.23"]
[Round "5.29"]
[White "Liao, Jo-Yu"]
[Black "Kyrkjebo, Hanna B."]
[Result "1/2-1/2"]
[WhiteElo "1438"]
[BlackElo "1758"]
[WhiteFideId "16300459"]
[BlackFideId "1511599"]
[EventDate "2014.09.20"]

1. e4 e5 2. Nf3 Nc6 3. Bc4 Bc5 4. c3 Nf6 5. d3 d6 6. Be3 Bb6 7. h3 O-O 8. Nbd2
d5 9. exd5 Nxd5 10. Bxb6 Nxb6 11. Bb5 Re8 12. O-O a6 13. Bxc6 bxc6 14. Nb3 Qf6
15. Re1 Bf5 16. Nc5 Qd6 17. d4 exd4 18. Qxd4 Red8 19. Nb7 Qxd4 20. Nxd4 Rdb8 21.
Nxf5 Rxb7 22. Ne7+ Kf8 23. Nxc6 Na4 24. Re4 Rb6 25. Ne5 Nc5 26. Rc4 f6 27. Rxc5
fxe5 28. Rb1 Rd8 29. Rxc7 Rd2 30. Ra7 Rbd6 31. Ra8+ Kf7 32. Ra7+ Kf8 33. Ra8+
Kf7 34. Ra7+ Kf8 1/2-1/2

[Event "World Youth Girls U16 2014"]
[Site "Durban RSA"]
[Date "2014.09.23"]
[Round "5.30"]
[White "Keskin, Suara"]
[Black "Marx, Inge"]
[Result "1/2-1/2"]
[WhiteElo "1674"]
[BlackElo "1488"]
[WhiteFideId "6332650"]
[BlackFideId "14306271"]
[EventDate "2014.09.20"]

1. e4 c5 2. c3 Nc6 3. Nf3 g6 4. Bc4 Bg7 5. d4 cxd4 6. cxd4 Qb6 7. e5 Nh6 8. Nc3
Nf5 9. Nd5 Qd8 10. g4 Nh6 11. Bg5 Nxg4 12. Qd2 f6 13. exf6 Nxf6 14. Bxf6 Bxf6
15. Qf4 d6 16. O-O Bf5 17. Nxf6+ exf6 18. Rfe1+ Ne7 19. Be6 Bxe6 20. Rxe6 O-O
21. Rxf6 Nf5 22. Rxf8+ Qxf8 23. Qe4 Qe7 24. Qd5+ Qf7 25. Qxf7+ Kxf7 26. Rc1 Re8
27. Rc7+ Re7 28. Ng5+ Kg7 29. Rxe7+ Nxe7 30. Ne4 Nf5 31. d5 h6 32. Kf1 Kf7 33.
Ke2 Ke7 34. Kd3 h5 35. Ng3 Nxg3 36. fxg3 Kf6 37. Ke4 Kg5 38. h3 h4 39. g4 Kf6
40. Kf4 g5+ 41. Ke4 Kg6 42. a4 a6 43. a5 Kf6 44. b3 Kg6 45. b4 Kf6 46. Kd4 Ke7
47. Kc4 Kf6 48. Kd4 Ke7 49. Kc4 1/2-1/2

[Event "World Youth Girls U16 2014"]
[Site "Durban RSA"]
[Date "2014.09.23"]
[Round "6.1"]
[White "Mahalakshmi, M"]
[Black "Haussernot, Cecile"]
[Result "0-1"]
[WhiteTitle "WFM"]
[BlackTitle "WFM"]
[WhiteElo "2048"]
[BlackElo "2011"]
[WhiteFideId "5001080"]
[BlackFideId "601632"]
[EventDate "2014.09.20"]

1. d4 Nf6 2. c4 e6 3. Nc3 Bb4 4. e3 O-O 5. Ne2 d5 6. a3 Be7 7. cxd5 exd5 8. g3
c6 9. Bg2 Bf5 10. O-O Qd7 11. f3 h5 12. e4 dxe4 13. fxe4 Bg4 14. e5 Nd5 15. Nxd5
cxd5 16. Qd3 Nc6 17. Be3 Rad8 18. Kh1 g6 19. Nf4 Bf5 20. Qb3 Na5 21. Qc3 Qb5 22.
a4 Qb6 23. Nxd5 Rxd5 24. Bxd5 Bb4 25. Qc1 Rd8 26. Bg2 Nb3 27. d5 Qa6 28. Qd1
Nxa1 29. Qxa1 Qe2 30. Bxa7 Be4 31. Rf2 Bxg2+ 32. Rxg2 Qxe5 33. Qf1 Qxd5 34. Kg1
Qb3 35. Kf2 Rd2+ 36. Kg1 Rd1 0-1

[Event "World Youth Girls U16 2014"]
[Site "Durban RSA"]
[Date "2014.09.23"]
[Round "6.2"]
[White "Beinenson, Katsiaryna"]
[Black "Tsolakidou, Stavroula"]
[Result "0-1"]
[WhiteTitle "WFM"]
[BlackTitle "WFM"]
[WhiteElo "1980"]
[BlackElo "2250"]
[WhiteFideId "13507044"]
[BlackFideId "4264312"]
[EventDate "2014.09.20"]

1. e4 c5 2. c3 d5 3. exd5 Qxd5 4. d4 Nc6 5. Nf3 Bf5 6. dxc5 Qxd1+ 7. Kxd1 Nf6 8.
Bb5 O-O-O+ 9. Ke2 e5 10. b4 Nd5 11. Bxc6 bxc6 12. Bd2 g6 13. Rc1 Nf4+ 14. Bxf4
Bd3+ 15. Ke1 exf4 16. Nd4 Bg7 17. Rd1 Rhe8+ 18. Kd2 Be4 19. f3 Bxd4 20. cxd4
Rxd4+ 21. Kc1 Rc4+ 22. Kb2 Rxb4+ 23. Kc3 Rxb1 24. Raxb1 Bxb1 25. Rxb1 Re5 26.
Kc4 Re2 27. Rd1 Kc7 28. Rd6 Rc2+ 29. Kb4 a5+ 30. Ka4 Rc4+ 31. Kb3 Rxc5 32. Rd4
g5 33. Re4 Kd7 34. Kb2 f5 35. Re2 h5 36. Kb3 g4 37. Rf2 g3 38. hxg3 fxg3 39. Rf1
Rb5+ 40. Kc3 Rb4 41. Rh1 h4 42. a3 Ra4 43. Kb3 Rd4 44. Kc3 c5 0-1

[Event "World Youth Girls U16 2014"]
[Site "Durban RSA"]
[Date "2014.09.23"]
[Round "6.3"]
[White "Unuk, Laura"]
[Black "Virkud, Apurva"]
[Result "1-0"]
[WhiteTitle "WFM"]
[BlackTitle "WCM"]
[WhiteElo "2247"]
[BlackElo "2041"]
[WhiteFideId "14609215"]
[BlackFideId "2050820"]
[EventDate "2014.09.20"]

1. d4 d5 2. c4 e6 3. Nf3 Nf6 4. g3 dxc4 5. Qc2 Nbd7 6. Bg2 c5 7. dxc5 Qa5+ 8.
Bd2 Qxc5 9. O-O Be7 10. a3 Qc7 11. a4 O-O 12. Na3 Bxa3 13. Rxa3 Rb8 14. Rd1 b6
15. Nd4 Ba6 16. Bb4 Nc5 17. Nb5 Bxb5 18. axb5 Rfd8 19. Rda1 Nd5 20. Qxc4 Nxb4
21. Qxb4 Qe5 22. Re3 Qd4 23. Qa3 Qc4 24. Bc6 Nd7 25. b3 Qc5 26. b4 Qh5 27. Qxa7
Ne5 28. h4 Qf5 29. Qc7 Ng4 30. Rf3 Qg6 31. Ra7 f5 32. Rd3 Rdc8 33. Qf4 Rf8 34.
Rdd7 Rbd8 35. Qd6 Rxd7 36. Bxd7 Qf6 37. Qxb6 Kh8 38. Qc5 f4 39. Bxe6 Nxf2 40.
Qxf2 Qxe6 41. b6 Rd8 42. b7 fxg3 43. Qd4 Rf8 44. b8=Q 1-0

[Event "World Youth Girls U16 2014"]
[Site "Durban RSA"]
[Date "2014.09.23"]
[Round "6.4"]
[White "Zhang, Lanlin"]
[Black "Bluhm, Sonja Maria"]
[Result "1/2-1/2"]
[BlackTitle "WFM"]
[WhiteElo "1988"]
[BlackElo "2155"]
[WhiteFideId "8608032"]
[BlackFideId "24654027"]
[EventDate "2014.09.20"]

1. e4 e5 2. Nf3 Nc6 3. Bb5 a6 4. Ba4 Nf6 5. O-O Be7 6. Re1 b5 7. Bb3 d6 8. c3
O-O 9. h3 Nb8 10. d4 Nbd7 11. Nbd2 Bb7 12. Bc2 Re8 13. Nf1 Bf8 14. Ng3 g6 15. b3
c5 16. d5 Qc7 17. c4 Nb6 18. Bd3 Qd7 19. Bg5 Bg7 20. Qd2 b4 21. Bh6 Bxh6 22.
Qxh6 Qe7 23. a4 a5 24. Rf1 Qf8 25. Qd2 Qg7 26. Rae1 Nbd7 27. Nh4 Kh8 28. Nf3 Kg8
29. Nh2 Kh8 30. Kh1 Ng8 31. Bc2 Qh6 32. Qd1 Ndf6 33. Bd3 Bc8 34. Be2 Bd7 35. Bg4
Bxg4 36. Nxg4 Nxg4 37. Qxg4 Nf6 38. Qd1 Rf8 39. Qc2 Rae8 40. Ne2 Nh5 41. Ng3 Nf4
42. Ne2 Nh5 43. Ng3 Nf4 44. Ne2 Nh5 1/2-1/2

[Event "World Youth Girls U16 2014"]
[Site "Durban RSA"]
[Date "2014.09.23"]
[Round "6.5"]
[White "Abdusattorova, Bakhora"]
[Black "Gal, Hanna Krisztina"]
[Result "1/2-1/2"]
[WhiteTitle "WFM"]
[WhiteElo "2008"]
[BlackElo "2094"]
[WhiteFideId "14204126"]
[BlackFideId "711861"]
[EventDate "2014.09.20"]

1. d4 d5 2. c4 e6 3. Nc3 c5 4. cxd5 exd5 5. Nf3 Nc6 6. g3 Nf6 7. Bg2 Be7 8. O-O
O-O 9. Bg5 c4 10. Ne5 Be6 11. Nxc6 bxc6 12. b3 cxb3 13. Qxb3 Rb8 14. Qc2 Qd7 15.
Rfd1 Bf5 16. Qd2 h6 17. Bxf6 Bxf6 18. e3 Be7 19. Bf1 Rb4 20. Bd3 Rfb8 21. Qc2
Bxd3 22. Qxd3 h5 23. Rab1 h4 24. Rxb4 Rxb4 25. Rb1 Qg4 26. Rxb4 Bxb4 27. Qd1 Qg6
28. Ne2 Bd6 29. Qc1 Qd3 30. Qxc6 h3 31. Nc3 Qd2 32. Kf1 Qc1+ 33. Ke2 Qc2+ 34.
Kf3 Qf5+ 35. Ke2 Qc2+ 36. Kf3 Qf5+ 37. Ke2 Qc2+ 1/2-1/2

[Event "World Youth Girls U16 2014"]
[Site "Durban RSA"]
[Date "2014.09.23"]
[Round "6.6"]
[White "Ghukasyan, Siranush"]
[Black "Wozniak, Mariola"]
[Result "0-1"]
[BlackTitle "WCM"]
[WhiteElo "2155"]
[BlackElo "1992"]
[WhiteFideId "13300946"]
[BlackFideId "1152050"]
[EventDate "2014.09.20"]

1. e4 c5 2. Nf3 d6 3. d4 cxd4 4. Nxd4 Nf6 5. Nc3 a6 6. Be3 e6 7. f3 b5 8. g4
Nfd7 9. Qd2 Nb6 10. O-O-O N8d7 11. Ndxb5 axb5 12. Nxb5 Ba6 13. Nxd6+ Bxd6 14.
Qxd6 Bxf1 15. Bxb6 Qg5+ 16. Kb1 Bb5 17. c4 Ba4 18. b3 Nxb6 19. bxa4 Nxa4 20.
Qc6+ Ke7 21. Qd6+ Kf6 22. Qd4+ Kg6 23. e5 Rhd8 24. Qe4+ Kh6 25. h4 Rxd1+ 26.
Rxd1 Nc3+ 27. Kc2 Nxe4 28. hxg5+ Nxg5 29. f4 Ne4 30. Kb3 Rb8+ 31. Kc2 Kg6 32.
Rd7 Rc8 33. Rd4 Nc5 34. Kc3 Rb8 35. Rd1 Na4+ 36. Kc2 Rb2+ 37. Kc1 Rxa2 38. Rd7
Nb6 39. Rc7 Ra4 40. c5 Nd5 0-1

[Event "World Youth Girls U16 2014"]
[Site "Durban RSA"]
[Date "2014.09.23"]
[Round "6.7"]
[White "Drogovoz, Irina"]
[Black "Varshini, V"]
[Result "1-0"]
[BlackTitle "WFM"]
[WhiteElo "2313"]
[BlackElo "1987"]
[WhiteFideId "4176715"]
[BlackFideId "5091241"]
[EventDate "2014.09.20"]

1. d4 d5 2. c4 e6 3. Nc3 Nf6 4. Nf3 Be7 5. g3 O-O 6. Bg2 b6 7. O-O Bb7 8. cxd5
exd5 9. Qb3 Nbd7 10. Rd1 c6 11. Bf4 Nh5 12. Bd2 Nhf6 13. Rac1 Re8 14. a4 Bd6 15.
Re1 c5 16. dxc5 Nxc5 17. Qa2 Nce4 18. Be3 Nxc3 19. bxc3 Qe7 20. Bd4 Ne4 21. a5
bxa5 22. Qxa5 a6 23. Qa1 Bc5 24. Ne5 Bd6 25. Nd3 Nd2 26. Qa2 Nc4 27. e4 Ba3 28.
exd5 Qc7 29. d6 Qxd6 30. Bxb7 Bxc1 31. Bxa8 Rxa8 32. Qxc4 Bd2 33. Ra1 a5 34. Ne5
Qe7 35. Qd5 Rd8 36. Nc6 1-0

[Event "World Youth Girls U16 2014"]
[Site "Durban RSA"]
[Date "2014.09.23"]
[Round "6.8"]
[White "Monnisha, GK"]
[Black "Vasova, Maria"]
[Result "1-0"]
[WhiteTitle "WFM"]
[WhiteElo "2078"]
[BlackElo "1958"]
[WhiteFideId "5009936"]
[BlackFideId "2900955"]
[EventDate "2014.09.20"]

1. e4 c6 2. d4 d5 3. exd5 cxd5 4. c4 Nf6 5. Nc3 e6 6. Nf3 Be7 7. Bd3 dxc4 8.
Bxc4 Nc6 9. O-O O-O 10. Re1 b6 11. Bg5 Bb7 12. Rc1 Rc8 13. Bf1 Nd5 14. Bd2 Bf6
15. Be3 Nxc3 16. bxc3 Ne7 17. Bd3 Ng6 18. Qe2 Rc7 19. Red1 Qd6 20. Ba6 Nf4 21.
Bxf4 Qxf4 22. Bxb7 Rxb7 23. Nd2 Rc7 24. g3 Qf5 25. Ne4 Be7 26. c4 Rfc8 27. Rc3
h6 28. d5 exd5 29. cxd5 Rxc3 30. Nxc3 Bd6 31. Ne4 Qd7 32. Qa6 Rc7 33. Qd3 Rc8
34. Qe3 Rc7 35. h4 Qg4 36. Rd4 Qd7 37. Kg2 Be5 38. Rd2 Bd6 39. h5 Rc8 40. Rd1
Re8 41. Qd3 Qe7 42. Re1 Qd7 43. Re3 Rd8 44. Qe2 Bf8 45. Rd3 Bd6 46. Qf3 Rf8 47.
Nd2 Rd8 48. Nc4 Rf8 49. Ne3 f5 50. Nc2 Bc5 51. Na1 b5 52. Nb3 Bb6 53. d6 Kh8 54.
Nc1 Rf6 55. Qd5 f4 56. Ne2 fxg3 57. f3 Bf2 58. Qa8+ Kh7 59. Qe4+ Kg8 60. Qd5+
Kh8 61. Nc3 b4 62. Qa8+ Kh7 63. Qe4+ Kh8 64. Qxb4 Kh7 65. Qe4+ Kh8 66. Qe7 Rf7
67. Qe4 Rf6 68. Qa8+ Kh7 69. Ne4 Rf4 70. Rc3 Rh4 71. Nf6+ gxf6 72. Rc7 Rh2+ 73.
Kf1 Rh1+ 74. Ke2 Re1+ 75. Kd2 Qxc7 76. dxc7 g2 77. c8=Q Rd1+ 78. Kc2 Rc1+ 79.
Kxc1 g1=Q+ 80. Kc2 1-0

[Event "World Youth Girls U16 2014"]
[Site "Durban RSA"]
[Date "2014.09.23"]
[Round "6.9"]
[White "Besso, Guadalupe"]
[Black "Bykovtsev, Agata"]
[Result "1/2-1/2"]
[WhiteTitle "WCM"]
[WhiteElo "1952"]
[BlackElo "2059"]
[WhiteFideId "123161"]
[BlackFideId "2046547"]
[EventDate "2014.09.20"]

1. d4 Nf6 2. c4 g6 3. Nc3 Bg7 4. e4 d6 5. f4 O-O 6. Nf3 c5 7. d5 e6 8. dxe6 fxe6
9. Bd3 Nc6 10. O-O Nd4 11. Nxd4 cxd4 12. Nb5 e5 13. Qb3 Be6 14. Qb4 Ne8 15. Bd2
Qd7 16. fxe5 dxe5 17. Bg5 a6 18. Na3 Nf6 19. c5 Qc6 20. Bxf6 Bxf6 21. Bc4 Bxc4
22. Qxc4+ Kg7 23. Qc2 Rac8 24. b4 b6 25. Qd3 bxc5 26. bxc5 Qxc5 27. Rab1 Rc7 28.
Qxa6 Ra7 29. Rb7+ Rxb7 30. Qxb7+ Rf7 31. Qb3 d3+ 32. Kh1 Qd4 33. Nb5 Qd7 34. Rf3
d2 35. Rd3 Qg4 36. Rxd2 Bg5 37. Rd1 Qe2 38. Qb1 Bd2 39. Rg1 Rf2 40. Nd6 Be3 41.
Qb7+ Kh6 42. Qe7 Rf4 43. Nf7+ Rxf7 44. Qxf7 Bxg1 45. Kxg1 Qe1+ 46. Qf1 Qe3+ 47.
Qf2 1/2-1/2

[Event "World Youth Girls U16 2014"]
[Site "Durban RSA"]
[Date "2014.09.23"]
[Round "6.10"]
[White "Gazikova, Veronika"]
[Black "Fuskova, Martina"]
[Result "1-0"]
[WhiteTitle "WFM"]
[WhiteElo "2134"]
[BlackElo "1961"]
[WhiteFideId "14919311"]
[BlackFideId "300063"]
[EventDate "2014.09.20"]

1. e4 c5 2. Nf3 e6 3. d4 cxd4 4. Nxd4 Nf6 5. Nc3 d6 6. Be3 Be7 7. f4 Nc6 8. Qf3
e5 9. Nf5 Bxf5 10. exf5 Qa5 11. O-O-O O-O-O 12. Bc4 e4 13. Qh3 d5 14. Nxd5 Nxd5
15. f6+ Kb8 16. fxe7 Ncxe7 17. Bd4 f6 18. Rhe1 Rc8 19. Bb3 Nb4 20. Rxe4 Nec6 21.
a3 Nxd4 22. Rexd4 Nc6 23. Rd7 Qc5 24. Qd3 Rhd8 25. Qd6+ Qxd6 26. R1xd6 Rxd7 27.
Rxd7 Rc7 28. Rxc7 Kxc7 29. Kd2 Kd6 30. Ke3 Kc5 31. Bf7 b6 32. b4+ Kd6 33. Be8
Ne7 34. c4 Nf5+ 35. Ke4 g6 36. g4 Nh4 37. Bf7 Ng2 38. Bg8 h6 39. Bf7 g5 40. fxg5
fxg5 41. Bd5 Nf4 42. Kf5 a5 43. Be4 1-0

[Event "World Youth Girls U16 2014"]
[Site "Durban RSA"]
[Date "2014.09.23"]
[Round "6.11"]
[White "Parhomenko, Margarita"]
[Black "Narva, Mai"]
[Result "1-0"]
[BlackTitle "WCM"]
[WhiteElo "1894"]
[BlackElo "2210"]
[WhiteFideId "11603216"]
[BlackFideId "4500512"]
[EventDate "2014.09.20"]

1. Nf3 Nf6 2. b3 d5 3. Bb2 e6 4. e3 Be7 5. Ne5 c5 6. Bd3 O-O 7. O-O Nc6 8. f4
Qb6 9. Rf3 h6 10. Rg3 d4 11. Ng4 Nxg4 12. Qxg4 Bf6 13. Qh5 Kh8 14. Ba3 dxe3 15.
Bxc5 e2 16. Nc3 Qa5 17. Kh1 b6 18. Rg6 Bg5 19. Bxf8 Kg8 20. Rxg7+ 1-0

[Event "World Youth Girls U16 2014"]
[Site "Durban RSA"]
[Date "2014.09.23"]
[Round "6.12"]
[White "Auvray, Honorine"]
[Black "Drogovoz, Maria"]
[Result "1/2-1/2"]
[WhiteElo "1799"]
[BlackElo "2167"]
[WhiteFideId "600512"]
[BlackFideId "4176731"]
[EventDate "2014.09.20"]

1. e4 c5 2. Nf3 d6 3. d4 cxd4 4. Nxd4 Nf6 5. Nc3 a6 6. f3 e6 7. Be3 b5 8. Qd2
Nbd7 9. g4 h6 10. h4 Bb7 11. O-O-O b4 12. Na4 Qa5 13. b3 Nc5 14. a3 Nxa4 15.
axb4 Qc7 16. bxa4 d5 17. e5 Nd7 18. f4 Nb6 19. Rh3 Nc4 20. Qc3 Rc8 21. Bxc4 Qxc4
22. Qxc4 Rxc4 23. Nb3 Bxb4 24. Rd4 Kd7 25. Rxc4 dxc4 26. Bc5 cxb3 27. Bxb4 bxc2
28. Kxc2 Be4+ 29. Kb2 Rc8 1/2-1/2

[Event "World Youth Girls U16 2014"]
[Site "Durban RSA"]
[Date "2014.09.23"]
[Round "6.13"]
[White "Eng, Rachael"]
[Black "Derakhshani, Dorsa"]
[Result "0-1"]
[BlackTitle "WFM"]
[WhiteElo "1778"]
[BlackElo "2148"]
[WhiteFideId "2062224"]
[BlackFideId "12500330"]
[EventDate "2014.09.20"]

1. e4 e5 2. Nf3 Nc6 3. Bc4 Bc5 4. c3 Nf6 5. d3 a6 6. Bb3 Ba7 7. h3 h6 8. O-O O-O
9. Nbd2 Re8 10. Re1 d6 11. Nf1 Be6 12. Ne3 d5 13. Bc2 b5 14. Qe2 Qe7 15. exd5
Nxd5 16. Nxd5 Bxd5 17. Bb3 Rad8 18. Be3 Bxe3 19. Qxe3 b4 20. Ba4 Qd6 21. Nd2 f5
22. f3 Bf7 23. Nc4 Bxc4 24. dxc4 bxc3 25. Qxc3 Qc5+ 26. Kh1 e4 27. Rad1 Rxd1 28.
Rxd1 Re6 29. a3 a5 30. Rd7 Ne5 31. Rd8+ Kh7 32. fxe4 fxe4 33. Rd4 Nd3 34. Bc2
Rd6 35. Rd5 Rxd5 36. cxd5 Qxd5 37. Kg1 c5 38. b3 Qg5 39. Qc4 Qe3+ 40. Kh1 Qe2
41. Kh2 Qe3 42. Qf7 Qg5 43. Qf1 Qd5 44. a4 h5 45. Kh1 h4 46. Qe2 Qf5 47. Kh2 Kg6
48. Kg1 Kf6 49. Kh2 Qf4+ 50. Kg1 Qf5 51. Kh2 Qe5+ 52. Kh1 Qg3 53. Bxd3 exd3 54.
Qd2 Qd6 55. Kg1 Kf5 56. Qf2+ Ke6 57. Qe3+ Kd7 58. Qd2 Qd5 59. Qc3 d2 60. Qxg7+
Kc6 61. Qf6+ Qd6 62. Qf3+ Kb6 63. Qd1 Qf4 64. Kh1 Qe3 0-1

[Event "World Youth Girls U16 2014"]
[Site "Durban RSA"]
[Date "2014.09.23"]
[Round "6.14"]
[White "Egorova, Ayyyna"]
[Black "Ljikar, Tamara"]
[Result "1/2-1/2"]
[WhiteTitle "WCM"]
[WhiteElo "1992"]
[BlackElo "1768"]
[WhiteFideId "24136611"]
[BlackFideId "14530767"]
[EventDate "2014.09.20"]

1. e4 c5 2. Nf3 e6 3. c4 Nc6 4. d4 cxd4 5. Nxd4 Nf6 6. Nc3 Bb4 7. Nxc6 bxc6 8.
Bd3 e5 9. a3 Bxc3+ 10. bxc3 d6 11. O-O O-O 12. Bg5 Be6 13. f4 exf4 14. Rxf4 Qa5
15. Bxf6 gxf6 16. Qc2 Qe5 17. Raf1 Kh8 18. Rxf6 Rg8 19. Kh1 Rg5 20. Qd2 Rag8 21.
R6f2 Rh5 22. Qf4 Qxf4 23. Rxf4 Ra5 24. Rh4 Rb8 25. Rf3 Rg5 26. e5 dxe5 27. Rxh7+
Kg8 28. Rh6 Rb3 29. Be4 Rxa3 30. h4 Rg4 31. Bxc6 Rxc4 32. Rg3+ Kf8 33. Bf3 Raxc3
34. Rh8+ Ke7 35. Rgg8 e4 36. Be2 Rc8 37. h5 Rxg8 38. Rxg8 Rc8 39. Rxc8 Bxc8 40.
Kg1 Kf6 41. Kf2 Kg5 42. Ke3 f5 43. g4 fxg4 44. Bxg4 Bxg4 45. Kxe4 1/2-1/2